000 00663nam a2200205Ia 4500
008 191130s1995##################000#0#eng##
020 _a9783631468418
022 _a95181779
040 _aACL
_cACL
082 _a193 WAL.2
100 _aWalker, John
245 _aHistory, spirit, and experience : Hegel's conception of the historical task of philosophy in his age
_cJohn Walker
260 _aBern
_bPeter Lang
_cc1995
300 _a179 p. ; 22 cm
500 _aIncludes bibliographical references (p. 175-179)
650 _aHegel, Georg Wilhelm Friedrich, 1770-1831
990 _aea017fa4ac10000c4e7fa099e56d03e7
991 _a70883
999 _c205591
_d205591